| 000 | 00716nam a22002055i 4500 | ||
|---|---|---|---|
| 001 | 166747 | ||
| 003 | ES-MaACL | ||
| 005 | 20250927114717.0 | ||
| 008 | 990217m18671899fr |||| | fre d | ||
| 040 |
_aCCPB | B _bspa _cCCPB | B |
||
| 100 | 1 |
_aTyndall, John ( _d1820-1893) _9133425 |
|
| 245 | 1 | 3 |
_aLa matière & la force _b: la force... / _cJohn Tyndall ; traduites en français et suivies d'une dissertation par l'Abbé Moigno. |
| 260 |
_aParis : _bGauthier-Villars, _c[s.a.] |
||
| 300 |
_a74 p. ; _c18 cm. |
||
| 596 | _aEd. ejerce ca. 1867-99. | ||
| 650 | 7 |
_aFísica _2embne _912877 |
|
| 700 | 1 |
_aMoigno, François, _d1804-1884 _9130010 |
|
| 852 |
_aES-MaACL _jF-12894 _z-- Enc. hol. |
||
| 999 |
_c166747 _d166747 |
||